000 00611nam a2200217 a 4500
005 20140310183518.0
008 110122s19uu xx 00 eng d
020 _a9780470497425
050 _aHF 6146.I58
_b.C86 2010
100 _aCunningham, Court
245 _aLocal online advertising for dummies./
_cCourt Cunningham.
260 _aNew Jersey :
_bWiley Pub., Inc,
_c2010.
300 _a364 p. :
_bill. ;
_c22 cm.
440 _aDummies
521 _aMC
650 _aInternet advertising.
650 _aInternet marketing.
700 _aStephanie Brown
942 _cBK
_2lcc
_kFOR
999 _c24348
_d24348